Curso de cálculo matricial aplicado / (Record no. 55348)

MARC details
000 -LEADER
campo de control de longitud fija 00923nam a2200253 i 4500
001 - NÚMERO DE CONTROL
campo de control 55348
003 - IDENTIFICADOR DE NÚMERO DE CONTROL
campo de control ES-MaACL
007 - CAMPO FIJO DE DESCRIPCIÓN FÍSICA--INFORMACIÓN GENERAL
campo de control de longitud fija t|
008 - DATOS DE LONGITUD FIJA--INFORMACIÓN GENERAL
campo de control de longitud fija 030918s1975 sp ||||1| spa d
100 1# - ENTRADA PRINCIPAL--NOMBRE DE PERSONA
Nombre de persona Denis-Papin, Maurice
9 (RLIN) 43708
245 10 - MENCIÓN DEL TÍTULO
Título Curso de cálculo matricial aplicado /
Mención de responsabilidad, etc. M. Denis-Papin, A. Kaufmann ; prólogos de F. Esclangon, G. Leher ; traducido por Carlos Dobon Díaz ; revisión técnica de José Pérez Vilaplana.
250 ## - MENCION DE EDICION
Mención de edición [1ª ed.].
260 ## - PUBLICACIÓN, DISTRIBUCIÓN, ETC.
Lugar de publicación, distribución, etc. Bilbao :
Nombre del editor, distribuidor, etc. Urmo,
Fecha de publicación, distribución, etc. [1975]
300 ## - DESCRIPCIÓN FÍSICA
Extensión 384 p., 4 lám. :
Otras características físicas il. ;
Dimensiones 25 cm.
490 1# - MENCIÓN DE SERIE
Mención de serie Curso de Matemáticas Superiores
700 1# - ENTRADA AGREGADA--NOMBRE PERSONAL
Nombre de persona Kaufmann, A.
9 (RLIN) 67644
700 1# - ENTRADA AGREGADA--NOMBRE PERSONAL
Nombre de persona Esclangon, F.
9 (RLIN) 47544
700 1# - ENTRADA AGREGADA--NOMBRE PERSONAL
Nombre de persona Lehr, G.
9 (RLIN) 71356
700 1# - ENTRADA AGREGADA--NOMBRE PERSONAL
Nombre de persona Dobon Díaz, Carlos.
9 (RLIN) 44940
700 1# - ENTRADA AGREGADA--NOMBRE PERSONAL
Nombre de persona Pérez Vilaplana, Carlos.
9 (RLIN) 91205
830 00 - PUNTO DE ACCESO ADICIONAL DE SERIE-TÍTULO UNIFORME
Título uniforme Curso de matemáticas superiores
9 (RLIN) 182545
852 ## - LOCALIZACIÓN
Ubicación ES-MaACL
Número de control de estantería E-8309
Sublocalización o colección R.92662
Holdings
Estatus retirado Estado de pérdida Estado de daño No para préstamo Biblioteca de origen Biblioteca actual Ubicación en estantería Fecha de adquisición Fuente de adquisición Total de préstamos Signatura topográfica completa Código de barras Visto por última vez Precio de reemplazo Tipo de ítem Koha
        Biblioteca del Ateneo de Madrid Biblioteca del Ateneo de Madrid Depósito 2 17/01/2008     E-8309 1058151 23/02/2023 23/02/2023 Libro impreso